Statistiken für Grenzen diese Länder aneinander? #2

Klicken Sie hier um das Quiz zu spielen!

Allgemein

  • Dieses Quiz wurde 176 mal gespielt
  • Das Durchschnittsergebnis liegt bei 17 aus 25

Antwortstatistiken

FrageAntwort% Korrekt
China - SüdkoreaNein
94%
Italien - LiechtensteinNein
87%
Litauen - RusslandJa
86%
Indien - BhutanJa
82%
Kambodscha - ChinaNein
82%
Marokko - TunesienNein
82%
Burundi - RuandaJa
80%
Malaysia - ThailandJa
80%
Haiti - DominicaNein
80%
Paraguay - UruguayNein
80%
Spanien - MarokkoJa
75%
Mexiko - HondurasNein
75%
Eritrea - SudanJa
71%
Albanien - SerbienNein
70%
Bhutan - NepalNein
69%
Kroatien - MontenegroJa
68%
Republik Kongo - AngolaJa
66%
Sambia - NamibiaJa
62%
Mosambik - BotswanaNein
62%
Belarus - LettlandJa
59%
Ruanda - KeniaNein
53%
Indonesien - BruneiNein
52%
Nigeria - TschadJa
49%
Turkmenistan - KasachstanJa
47%
Turkmenistan - TadschikistanNein
37%

Verteilung der Resultate

Perzentil nach korrekt beantworteten Fragen

Anzahl Personen mit jedem Resultat

Ihre Resultats-Entwicklung

Sie haben dieses Quiz noch nicht gespielt